Les desserts préférés des Français - Statistiques

Statistiques générales
  • Ce quiz a été pris 127 fois
  • Le résultat moyen est 4 sur 10
Statistiques - réponses
Réponse % Correct
Tiramisu
66%
Tarte aux pommes
52%
Mousse au chocolat
47%
Crème brûlée
40%
Fraisier
37%
Fondant au chocolat
36%
Île flottante
30%
Crêpes
28%
Profiteroles
19%
Tartes aux fraises
1%
Aucun quiz correspondant
Distribution des résultats
% des personnes avec chaque résultat
Percentile par nombre de réponses
Votre historique - résultats
Vous n’avez pas pris ce quiz